| 000 | 02242nam2a2200253 4500 | ||
|---|---|---|---|
| 001 | RU\NLR\BIBL_A\022719942 | ||
| 005 | 20260216142401.0 | ||
| 010 |
_a978-5-0054-3049-6 _bч. 2 _91500 |
||
| 021 |
_aRU _bКН-П-25-077967 _9КН-П-25-7561 |
||
| 035 | _a(NLR Aleph) 022719942 | ||
| 090 |
_a13548893 _c13548893 |
||
| 100 | _a20260205d2026 u y0rusy50 ca | ||
| 101 | 0 | _arus | |
| 102 | _aRU | ||
| 105 | _aac j 000yy | ||
| 200 | 0 | _aЧ. 2 | |
| 210 | _d2026 (печ. 2025) | ||
| 215 |
_a269, [2] с. _cил., цв. ил., портр., табл. |
||
| 320 | _aБиблиогр. в конце кн. | ||
| 461 | 0 |
_1001RU\NLR\BIBL_A\022718991 _12001#$aОбществознание$eбазовый уровень$eучебное пособие для образовательных организаций, реализующих образовательные программы среднего профессионального образования$eв соответствии с требованиями федеральных государственных образовательных стандартов среднего общего и среднего профессионального образования$eв двух частях$fА. Г. Важенин$vЧ. 2 _1700#1$aВаженин$bА. Г.$cканд. ист. наук$gАлексей Геннадьевич$3RU\NLR\AUTH\770147028 _913552929 _aВаженин, А. Г. (канд. ист. наук) _cМосква _d2026 _fА. Г. Важенин _nАкадемия _oбазовый уровень : учебное пособие для образовательных организаций, реализующих образовательные программы среднего профессионального образования : в соответствии с требованиями федеральных государственных образовательных стандартов среднего общего и среднего профессионального образования : в двух частях _tОбществознание _y978-5-0054-3047-2 _vЧ. 2 |
|
| 942 | _cBOOK | ||
| 980 | _aNB | ||